00397 a2200133 450000100060000002000180000604000220002410000310004624000420007724500370011930000080015636200090016465000900017362710 a9783126758567 cAnchieta - Pituba aJanke-Papanicolaou, Sylvia10aSo geht's noch besser neu A2- B1lpor10aSo geht's noch besser neu A2- B1 a1190 a2015 4a Uso padrão da língua alemã (prescptiva linguística - proficiência alemã)